LA 22 LEYES INMUTABLES DEL MARKETING (Registro nro. 28332)
[ vista simple ]
| 000 -LEADER | |
|---|---|
| fixed length control field | 00460nam a2200181 a 4500 |
| 001 - CONTROL NUMBER | |
| control field | 28332 |
| 005 - DATE AND TIME OF LATEST TRANSACTION | |
| control field | 20180713231207.0 |
| 008 - FIXED-LENGTH DATA ELEMENTS--GENERAL INFORMATION | |
| fixed length control field | 140415s1993 mx 000 0 spa d |
| 020 ## - INTERNATIONAL STANDARD BOOK NUMBER | |
| International Standard Book Number | 088730592X |
| 041 ## - LANGUAGE CODE | |
| Language code of text/sound track or separate title | spa |
| 082 ## - DEWEY DECIMAL CLASSIFICATION NUMBER | |
| Classification number | 658.8 |
| Item number | ALR |
| 100 1# - MAIN ENTRY--PERSONAL NAME | |
| Personal name | JACK TRAUT, AL RIES |
| 245 13 - TITLE STATEMENT | |
| Title | LA 22 LEYES INMUTABLES DEL MARKETING |
| 250 ## - EDITION STATEMENT | |
| Edition statement | 1a ed. |
| 260 ## - PUBLICATION, DISTRIBUTION, ETC. | |
| Place of publication, distribution, etc. | MEXICO : |
| Name of publisher, distributor, etc. | MC GRAW HILL, |
| Date of publication, distribution, etc. | 1993 |
| 300 ## - PHYSICAL DESCRIPTION | |
| Extent | 187 |
| Dimensions | 14 x 1 x 22 |
| 520 ## - SUMMARY, ETC. | |
| Summary, etc. | RP |
| Withdrawn status | Lost status | Source of classification or shelving scheme | Damaged status | Not for loan | Collection code | Home library | Current library | Shelving location | Date acquired | Source of acquisition | Total Checkouts | Full call number | Barcode | Date last seen | Date last checked out | Price effective from | Koha item type |
|---|---|---|---|---|---|---|---|---|---|---|---|---|---|---|---|---|---|
| Dewey Decimal Classification | Consulta en sala | General | Tehuacán | Tehuacán | Sala general | 03/12/2013 | Compra | 658.8 ALR | 501884 | 16/04/2024 | 11/05/2017 | 03/12/2013 | Reserva permanente |